Gap formation and forest regeneration in a Micronesian mangrove forest /
Na minha lista:
| Autor principal: | |
|---|---|
| Outros Autores: | , |
| Formato: | Atigo |
| Idioma: | English |
| Assuntos: | |
| Tags: |
Adicionar Tag
Sem tags, seja o primeiro a adicionar uma tag!
|
| Thư viện lưu trữ: | Thư viện Trường Đại học Đà Lạt |
|---|
| LEADER | 00960nam a2200313 4500 | ||
|---|---|---|---|
| 001 | DLU090095786 | ||
| 005 | ##20091201 | ||
| 040 | # | # | |a DLU |b eng |
| 041 | # | # | |a eng |
| 044 | # | # | |a uk |
| 100 | # | # | |a Pinzon, Zuleika S. |
| 245 | # | # | |a Gap formation and forest regeneration in a Micronesian mangrove forest / |c Zuleika S. Pinzon, Katherine C. Ewel, Francis E. Putz. |
| 653 | # | # | |a Bruguiera gymnorrhiza |
| 653 | # | # | |a Firewood harvesting |
| 653 | # | # | |a Kosrae |
| 653 | # | # | |a Rhizophora apiculata |
| 653 | # | # | |a Sonneratia alba |
| 700 | # | # | |a Ewel, Katherine C. |
| 700 | # | # | |a Putz, Francis E. |
| 773 | # | # | |t Journal of Tropical Ecology |g Vol. 19, part 2 (March 2003), p. 143-153 |
| 920 | # | # | |a Phòng Tạp chí -- Trung tâm Thông tin - Thư viện Trường Đại học Đà Lạt |
| 994 | # | # | |a DLU |
| 900 | # | # | |a True |
| 911 | # | # | |a Trương Bảo Trâm Anh |
| 925 | # | # | |a G |
| 926 | # | # | |a A |
| 927 | # | # | |a BB |
| 980 | # | # | |a Thư viện Trường Đại học Đà Lạt |